Điều kiện hợp đồng FIDIC : Điều kiện hợp đồng xây dựng dạng hợp đồng ngắn = Conditions of contract for construction short form of contract
Kaydedildi:
| Müşterek Yazar: | |
|---|---|
| Materyal Türü: | Kitap |
| Dil: | Undetermined |
| Baskı/Yayın Bilgisi: |
Hà Nội
Xây dựng
2001
|
| Konular: | |
| Etiketler: |
Etiketle
Etiket eklenmemiş, İlk siz ekleyin!
|
| Thư viện lưu trữ: | Trung tâm Học liệu Trường Đại học Cần Thơ |
|---|
| LEADER | 00769nam a2200205Ia 4500 | ||
|---|---|---|---|
| 001 | CTU_94544 | ||
| 008 | 210402s9999 xx 000 0 und d | ||
| 020 | |c 120000 | ||
| 082 | |a 692.8 | ||
| 082 | |b H307 | ||
| 110 | |a Hiệp hội Quốc tế các kỹ sư tư vấn | ||
| 245 | 0 | |a Điều kiện hợp đồng FIDIC : | |
| 245 | 0 | |b Điều kiện hợp đồng xây dựng dạng hợp đồng ngắn = Conditions of contract for construction short form of contract | |
| 245 | 0 | |c Hiệp hội Quốc tế các kỹ sư tư vấn | |
| 260 | |a Hà Nội | ||
| 260 | |b Xây dựng | ||
| 260 | |c 2001 | ||
| 650 | |a Contracting | ||
| 904 | |i Mai Loan | ||
| 980 | |a Trung tâm Học liệu Trường Đại học Cần Thơ | ||